Anar al contingut

История отечественного государства и права: практикум

Guardat en:
Dades bibliogràfiques
Autor principal: Скутнев А. В.
Altres autors: Егоров С. Г., Корякин А. Н.
Format: Книга
Idioma:Russian
Publicat: Киров ВятГУ 2016
Accés en línia:https://e.lanbook.com/book/261395
https://e.lanbook.com/img/cover/book/261395.jpg
Etiquetes: Afegir etiqueta
Sense etiquetes, Sigues el primer a etiquetar aquest registre!
LEADER 01006nam0a2200253 i 4500
001 261395
003 RuSpLAN
005 20221220174205.0
008 221220s2016 ru gs 000 0 rus
040 |a RuSpLAN 
041 0 |a rus 
044 |a ru 
080 |a Х3(2)(07) 
245 0 0 |a История отечественного государства и права: практикум  |c Скутнев А. В.,Егоров С. Г.,Корякин А. Н. 
260 |a Киров  |b ВятГУ  |c 2016 
300 |a 94 с. 
504 |a Библиогр.: доступна в карточке книги, на сайте ЭБС Лань 
521 8 |a Книга из коллекции ВятГУ - Право. Юридические науки 
100 1 |a Скутнев А. В. 
700 1 |a Егоров С. Г. 
700 1 |a Корякин А. Н. 
856 4 |u https://e.lanbook.com/book/261395 
856 4 8 |u https://e.lanbook.com/img/cover/book/261395.jpg 
953 |a https://e.lanbook.com/img/cover/book/261395.jpg